Biophilic design : the theory, science, and practice of bringing buildings to life / edited by: Stephen R. Kellert, Judith H. Heerwagen, Martin L. Mador.

005 -DATA I CZAS OSTATNIEJ MODYFIKACJI [,]
    • @
    • pole kontrolne
    • 20241231114417.0
040 -Instytucja sporządzająca opis [ , ]
    • a
    • Instytucja, która sporządziła opis (NP)
    • GD 015/JK
    • c
    • Instytucja, która sporządziła rekord (NP)
    • GD 015/JK
    • d
    • Instytucja, która zmodyfikowała rekord (P)
    • GD 015/ICS
    • d
    • Instytucja, która zmodyfikowała rekord (P)
    • GD 015/EOs
    • d
    • Instytucja, która zmodyfikowała rekord (P)
    • KAT 091/DZ
041 -Język dokumentu [ , ]
    • a
    • Język tekstu (P)
    • angielski
044 -Kraj miejsca wydania [ , ]
    • a
    • Kraj miejsca wydania
    • USA
942 -Rodzaj dokumentu [ , ]
    • c
    • Rodzaj dokumentu
    • Książka
020 -Międzynarod. znormalizowany nr książki - ISBN [ , ]
    • a
    • Numer ISBN
    • 9780470163344 Find
245 -Strefa tytułu i oznaczenia odpowiedzialności [0,0]
    • a
    • Tytuł
    • Biophilic design : Find
    • b
    • Ciąg dalszy tytułu (NP)
    • the theory, science, and practice of bringing buildings to life / Find
    • c
    • Pozostałe elementy strefy tytułu i oznaczenia odpowiedzialności (NP)
    • edited by: Stephen R. Kellert, Judith H. Heerwagen, Martin L. Mador.
260 -Strefa adresu wydawniczego [ , ]
    • a
    • Miejsce wydania (P)
    • Hoboken :
    • b
    • Nazwa wydawcy (P)
    • John Wiley & Sons ,
    • c
    • Data wydania (P)
    • © 2008.
700 -Hasło dodatkowe - nazwa osobowa [1, ]
    • a
    • Nazwa osobowa (NP)
    • Kellert, Stephen R. Find
    • e
    • Określenie rodzaju współpracy (NP)
    • Redaktor.
    • 9
    • KHW
    • 7684381
700 -Hasło dodatkowe - nazwa osobowa [1, ]
    • a
    • Nazwa osobowa (NP)
    • Heerwagen, Judith H. Find
    • d
    • Daty biograficzne (NP)
    • (1944- ).
    • e
    • Określenie rodzaju współpracy (NP)
    • Redaktor.
    • 9
    • KHW
    • 11023817
700 -Hasło dodatkowe - nazwa osobowa [1, ]
    • a
    • Nazwa osobowa (NP)
    • Mador, Martin L. Find
    • d
    • Daty biograficzne (NP)
    • (1949- ).
    • e
    • Określenie rodzaju współpracy (NP)
    • Redaktor.
    • 9
    • KHW
    • 11023824
920 -ISBN [ , ]
    • a
    • ISBN
    • 978-0-470-16334-4 Find
300 -Strefa opisu fizycznego [ , ]
    • a
    • Określenie formy książki i/lub objętość (NP)
    • XIV, 385 strony, [32] strony tablice :
    • b
    • Oznaczenie ilustracji (NP)
    • ilustracje (w tym kolorowe i czarno-białe) ;
    • c
    • Format (NP)
    • 24 cm.
710 -Hasło dodatkowe - nazwa ciała zbiorowego [2, ]
    • a
    • Nazwa ciała zbiorowego lub nazwa geograficzna jako pierwszy element (NP)
    • John Wiley & Sons.
    • 4
    • Kod relacji
    • pbl
    • 9
    • KHW
    • 6580777
500 -Uwaga ogólna [ , ]
    • a
    • Uwaga ogólna (NP)
    • Bibliografia przy rozdziale.
500 -Uwaga ogólna [ , ]
    • a
    • Uwaga ogólna (NP)
    • Indeks.
650 -Hasło przedmiotowe [ ,7]
    • a
    • Hasło przedmiotowe
    • Architektura krajobrazu
650 -Hasło przedmiotowe [ ,7]
    • a
    • Hasło przedmiotowe
    • Architektura zrównoważona
650 -Hasło przedmiotowe [ ,7]
    • a
    • Hasło przedmiotowe
    • Symbiocen
650 -Hasło przedmiotowe [ ,7]
    • a
    • Hasło przedmiotowe
    • Urbanistyka zrównoważona
650 -Hasło przedmiotowe [ ,7]
    • a
    • Hasło przedmiotowe
    • Projektowanie ekologiczne
650 -Hasło przedmiotowe [ ,7]
    • a
    • Hasło przedmiotowe
    • Projektowanie przestrzeni miejskiej
Numer inwentarzowy Data inwentaryzacji Sygnatura Status udost. Kierowanie Uwagi
I.135222025-04-03135221CZYTBadania